| 000 | 00396nam a2200145Ia 4500 | ||
|---|---|---|---|
| 008 | 231129s1981||||xx |||||||||||||| ||spa|| | ||
| 020 | _a84-320-4723-6 | ||
| 040 | _bspa | ||
| 082 | _a615.78 B421d | ||
| 100 | _aBehr Hans-Georg | ||
| 245 | 0 | _aLa droga potencia mundial : el negocio con el vicio | |
| 260 | _c1981 | ||
| 264 | _aPlaneta | ||
| 942 |
_2ddc _cBKS |
||
| 999 |
_c16882 _d16882 |
||